| 000 | 00000nam##2200000za#4500 |
| 001 | 9.680668 |
| 003 | CaOODSP |
| 005 | 20210507160758 |
| 007 | ta |
| 008 | 150407|1998||||xxc||||| f|0| 0 fre|d |
| 020 | |a0-662-83500-X |
| 040 | |aCaOODSP|bfre |
| 043 | |an-cn--- |
| 086 | 1 |aCW66-173/1998F |
| 110 | 2 |aService canadien de la faune. |
| 245 | 10|aDirective pour les évaluations environnementales relatives aux oiseaux migrateurs / |cpar Robert Milko. Publié par la Direction de la protection de la biodiversité. |
| 260 | |aOttawa - Ontario : |bEnvironnement Canada. |c1998. |
| 300 | |a16p. : |bill., références ; |c28 cm. |
| 500 | |a«L'approche de la directive est surtout conceptuelle et se concentre sur les principes plutôt que sur une liste détaillée des renseignements et des analyses à fournir pour produire l'EIE. Celle-ci porte principalement sur les besoins propres aux oiseaux migrateurs, qui ne correspondent pas nécessairement aux besoins en habitat d'autres espèces sauvages.»--Page 4. N.B.: Le numéro ISBN (0-662-63740-2) imprimé dans cette publication est incorrect. |
| 520 | 3 |aL'approche de la directive est surtout conceptuelle et se concentre sur les principes plutôt que sur une liste détaillée des renseignements et des analyses à fournir pour produire l'EIE. Celle-ci porte principalement sur les besoins propres aux oiseaux migrateurs, qui ne correspondent pas nécessairement aux besoins en habitat d'autres espèces sauvages.--Page 4 |
| 563 | |aPolycopié |
| 590 | |a99-05|b1999-02-05 |
| 691 | 07|aOiseau|2gcpds |
| 691 | 07|aÉvaluation environnementale|2gcpds |
| 720 | 1 |aMilko, Robert |
| 775 | 08|tMigratory birds environmental assessment guideline / |w(CaOODSP)9.647049 |